| 000 -LEADER |
| fixed length control field |
01750cam a22003734a 4500 |
| 001 - CONTROL NUMBER |
| control field |
12085391 |
| 005 - DATE AND TIME OF LATEST TRANSACTION |
| control field |
20170105102858.0 |
| 008 - FIXED-LENGTH DATA ELEMENTS--GENERAL INFORMATION |
| fixed length control field |
000629s2000 cau b 001 0 eng |
| 010 ## - LIBRARY OF CONGRESS CONTROL NUMBER |
| LC control number |
00058337 |
| 020 ## - INTERNATIONAL STANDARD BOOK NUMBER |
| International Standard Book Number |
0804739900 (alk. paper) |
| 020 ## - INTERNATIONAL STANDARD BOOK NUMBER |
| International Standard Book Number |
0804741050 (paper : alk. paper) |
| 040 ## - CATALOGING SOURCE |
| Original cataloging agency |
DLC |
| Transcribing agency |
DLC |
| Modifying agency |
DLC |
| 042 ## - AUTHENTICATION CODE |
| Authentication code |
pcc |
| 043 ## - GEOGRAPHIC AREA CODE |
| Geographic area code |
a-ja--- |
| 050 00 - LIBRARY OF CONGRESS CALL NUMBER |
| Classification number |
PL714 |
| Item number |
.I58 2001 |
| 082 00 - DEWEY DECIMAL CLASSIFICATION NUMBER |
| Classification number |
895.6/09 |
| Edition number |
21 |
| 245 00 - TITLE STATEMENT |
| Title |
Inventing the classics : |
| Remainder of title |
modernity, national identity, and Japanese literature / |
| Statement of responsibility, etc. |
edited by Haruo Shirane and Tomi Suzuki. |
| 260 ## - PUBLICATION, DISTRIBUTION, ETC. |
| Place of publication, distribution, etc. |
Stanford, Calif. : |
| Name of publisher, distributor, etc. |
Stanford University Press, |
| Date of publication, distribution, etc. |
c2000. |
| 300 ## - PHYSICAL DESCRIPTION |
| Extent |
xiii, 333 p. ; |
| Dimensions |
24 cm. |
| 504 ## - BIBLIOGRAPHY, ETC. NOTE |
| Bibliography, etc. note |
Includes bibliographical references (p. 301-319) and index. |
| 650 #0 - SUBJECT ADDED ENTRY--TOPICAL TERM |
| Topical term or geographic name entry element |
Japanese literature |
| General subdivision |
History and criticism. |
| 650 #0 - SUBJECT ADDED ENTRY--TOPICAL TERM |
| Topical term or geographic name entry element |
Nationalism and literature |
| Geographic subdivision |
Japan. |
| 650 #0 - SUBJECT ADDED ENTRY--TOPICAL TERM |
| Topical term or geographic name entry element |
Ideology and literature. |
| 650 #0 - SUBJECT ADDED ENTRY--TOPICAL TERM |
| Topical term or geographic name entry element |
Nationalism and education |
| Geographic subdivision |
Japan. |
| 700 1# - ADDED ENTRY--PERSONAL NAME |
| Personal name |
Shirane, Haruo, |
| Dates associated with a name |
1951- |
| 700 1# - ADDED ENTRY--PERSONAL NAME |
| Personal name |
Suzuki, Tomi, |
| Dates associated with a name |
1951- |
| 856 42 - ELECTRONIC LOCATION AND ACCESS |
| Materials specified |
Book review (H-Net) |
| Uniform Resource Identifier |
<a href="http://www.h-net.org/review/hrev-a0c0b0-aa">http://www.h-net.org/review/hrev-a0c0b0-aa</a> |
| 856 42 - ELECTRONIC LOCATION AND ACCESS |
| Materials specified |
Publisher description |
| Uniform Resource Identifier |
<a href="http://www.loc.gov/catdir/description/cam021/00058337.html">http://www.loc.gov/catdir/description/cam021/00058337.html</a> |
| 856 41 - ELECTRONIC LOCATION AND ACCESS |
| Materials specified |
Table of contents |
| Uniform Resource Identifier |
<a href="http://www.loc.gov/catdir/toc/cam027/00058337.html">http://www.loc.gov/catdir/toc/cam027/00058337.html</a> |
| 856 42 - ELECTRONIC LOCATION AND ACCESS |
| Materials specified |
Contributor biographical information |
| Uniform Resource Identifier |
<a href="http://www.loc.gov/catdir/enhancements/fy0710/00058337-b.html">http://www.loc.gov/catdir/enhancements/fy0710/00058337-b.html</a> |
| 906 ## - LOCAL DATA ELEMENT F, LDF (RLIN) |
| a |
7 |
| b |
cbc |
| c |
orignew |
| d |
1 |
| e |
ocip |
| f |
20 |
| g |
y-gencatlg |
| 942 ## - ADDED ENTRY ELEMENTS (KOHA) |
| Source of classification or shelving scheme |
|
| Koha item type |
Book |